[Event "AUTO-INT-1405"]
[Site "http://www.queenalice.com/game.php?id=768482"]
[Date "2010.4.30"]
[Round "2"]
[White "boydelta"]
[Black "Ieie"]
[Result "1-0"]
[WhiteElo "2055"]
[BlackElo "1689"]

1. d4 d5 2. Nf3 Nf6 3. c4 g6 4. Nc3 Bg7 5. cxd5 Nxd5 6. e4 Nb6 7. Be2 O-O 8. O-O
e6 9. Bg5 Bf6 10. Bh6 Re8 11. Rc1 Nc6 12. e5 Bg7 13. Bxg7 Kxg7 14. Ne4 Nxd4 15.
Nxd4 Qh4 16. f4 Nd5 17. g3 Qe7 18. Rf3 a6 19. Bc4 Nb6 20. Bb3 c6 21. g4 Bd7 22.
Rh3 Nd5 23. Bxd5 cxd5 24. Nf6 1-0

[Event "AUTO-INT-1405"]
[Site "http://www.queenalice.com/game.php?id=768483"]
[Date "2010.4.30"]
[Round "2"]
[White "Ieie"]
[Black "boydelta"]
[Result "0-1"]
[WhiteElo "1669"]
[BlackElo "2207"]

1. d4 Nf6 2. c4 g6 3. Nc3 Bg7 4. h3 O-O 5. Bg5 d5 6. e3 c6 7. Nf3 h6 8. Bh4 b6
9. cxd5 cxd5 10. Bd3 Na6 11. a3 Nc7 12. O-O Be6 13. Rc1 Rc8 14. Ne2 Ne4 15. Nc3
g5 16. Bg3 Nxg3 17. fxg3 Qd7 18. g4 f5 19. gxf5 Bxf5 20. e4 dxe4 21. Nxe4 Bxd4+
22. Nxd4 Qxd4+ 23. Kh1 Kg7 24. Rxf5 Rxf5 25. Ng3 Rd5 26. Nf5+ Rxf5 27. Bxf5
Qxd1+ 28. Rxd1 e6 29. Rd7+ Kf6 30. Bd3 h5 31. Rd6 Nd5 32. Rd7 a5 33. Kg1 h4 34.
Kf2 Rc5 35. g3 hxg3+ 36. Kxg3 b5 37. Kg4 b4 38. a4 Nb6 39. Rb7 Nxa4 40. b3 Nc3
41. Bc4 Rf5 42. Ra7 a4 43. Ra6 Rf4+ 44. Kg3 Rxc4 0-1

[Event "AUTO-ADV-1760"]
[Site "http://www.queenalice.com/game.php?id=775430"]
[Date "2010.5.14"]
[Round "1"]
[White "cevil"]
[Black "Ieie"]
[Result "1-0"]
[WhiteElo "1874"]
[BlackElo "1653"]

1. e4 e5 2. Nf3 Nc6 3. Nc3 Nf6 4. Bc4 Bc5 5. O-O a6 6. d3 d6 7. Bg5 h6 8. Bh4
Be6 9. Bxe6 fxe6 10. Ne2 O-O 11. c3 Qe8 12. d4 exd4 13. Bxf6 Rxf6 14. cxd4 Ba7
15. d5 Nd8 16. Nc3 Nf7 17. dxe6 Qxe6 18. Qd5 c6 19. Qd3 Rf8 20. Nd4 Qe5 21. Rad1
Ng5 22. Nf5 Kh7 23. Ne3 g6 24. Ng4 Rxf2 25. Rxf2 Qf4 26. Qg3 Qxg3 27. hxg3 h5
28. Kf1 Re8 29. Nf6+ 1-0

[Event "AUTO-ADV-1760"]
[Site "http://www.queenalice.com/game.php?id=775431"]
[Date "2010.5.14"]
[Round "1"]
[White "Ieie"]
[Black "cevil"]
[Result "1-0"]
[WhiteElo "1677"]
[BlackElo "1891"]

1. d4 d5 2. c4 Nc6 3. Nc3 e6 4. Nf3 Bb4 5. a3 Bxc3+ 6. bxc3 dxc4 7. Qa4 Bd7 8.
Qxc4 Nf6 9. Bg5 h6 10. Bh4 g5 11. Bg3 Ne4 12. e3 Nxg3 13. fxg3 a6 14. Qb3 Na5
15. Qb4 b6 16. Qb2 f6 17. Bd3 O-O 18. O-O Bc6 19. e4 Bb7 20. g4 Qd6 21. Qc2 Rf7
22. e5 Qd5 23. Bg6 Raf8 24. Bxf7+ Rxf7 25. Rf2 f5 26. gxf5 exf5 27. Nd2 Kg7 28.
Qd3 c5 29. Re1 Bc8 30. Rfe2 Be6 31. a4 c4 32. Qf3 Qd7 33. Qa8 Qxa4 34. Qxa6 Qc6
35. Rb1 Nb3 36. Nf3 Bd5 37. Ne1 Rf8 38. Qa7+ Kg6 39. Nc2 Be4 40. Nb4 Qe6 41. Rf1
Ra8 42. Qc7 Bd3 43. d5 Qc8 44. Qxb6+ Kh5 45. Re3 f4 46. Rh3+ Kg4 47. Nxd3 cxd3
48. Qxb3 Qc5+ 49. Kh1 Ra3 50. Qd1+ Kf5 51. Qxd3+ Kg4 52. Rxh6 Rxc3 53. h3# 1-0

[Event "AUTO-ADV-1760"]
[Site "http://www.queenalice.com/game.php?id=775446"]
[Date "2010.5.14"]
[Round "1"]
[White "Rutty"]
[Black "Ieie"]
[Result "1-0"]
[WhiteElo "1948"]
[BlackElo "1646"]

1. e4 e5 2. Nf3 Nc6 3. Bc4 h6 4. O-O Bc5 5. c3 Nf6 6. d4 exd4 7. cxd4 Bb6 8. e5
Nh7 9. d5 Na5 10. Bd3 O-O 11. Qc2 Ng5 12. Nxg5 hxg5 13. b4 Re8 14. bxa5 Bxa5 15.
Bb2 d6 16. Qa4 Bb6 17. exd6 Bd7 18. dxc7 Qxc7 19. Bb5 Red8 20. Bxd7 Rxd7 21. Nc3
Re8 22. Rae1 Rde7 23. Qxe8+ Rxe8 24. Rxe8+ Kh7 25. Rd1 Qd7 26. Rde1 Qf5 27. R1e2
Bd4 28. d6 Qd7 29. h3 Qxd6 30. Nb5 Bxf2+ 31. Kxf2 1-0

[Event "AUTO-ADV-1760"]
[Site "http://www.queenalice.com/game.php?id=775447"]
[Date "2010.5.14"]
[Round "1"]
[White "Ieie"]
[Black "Rutty"]
[Result "1-0"]
[WhiteElo "1624"]
[BlackElo "1938"]

1. d4 d5 2. c4 c6 3. Nc3 Nf6 4. h3 g6 5. Bf4 Bg7 6. e3 O-O 7. Nf3 Be6 8. cxd5
Bxd5 9. Bd3 Nbd7 10. O-O Nh5 11. Bh2 f5 12. Nxd5 cxd5 13. Qb3 Nb6 14. Rac1 e6
15. Bc7 Qe7 16. Rc2 Rfc8 17. Rfc1 Nc4 18. Bh2 Nb6 19. Rc7 Rxc7 20. Rxc7 Qd8 21.
Rxb7 Nf6 22. Ng5 Qc8 23. Rc7 Qe8 24. Bb5 Nbd7 25. Be5 Qd8 26. Nxe6 Qe7 27. Nxg7
Rb8 28. Bxf6 Qxf6 29. Rxd7 1-0

[Event "AUTO-ADV-1760"]
[Site "http://www.queenalice.com/game.php?id=775456"]
[Date "2010.5.14"]
[Round "1"]
[White "Lopesq"]
[Black "Ieie"]
[Result "0-1"]
[WhiteElo "1763"]
[BlackElo "1657"]

1. Nf3 d5 2. d4 Nf6 3. c3 h6 4. Bf4 Bf5 5. Nbd2 e6 6. e3 c5 7. Ne5 cxd4 8. exd4
Nc6 9. Bb5 Rc8 10. Ndf3 a6 11. Ba4 Be7 12. Bc2 Bh7 13. Bxh7 Nxh7 14. Nxc6 bxc6
15. O-O O-O 16. Qd2 c5 17. Bxh6 gxh6 18. Qxh6 cxd4 19. Nxd4 Kh8 20. Rae1 Rg8 21.
Qh3 Rg6 22. Nf3 Kg7 23. Ne5 Rf6 24. Qg4+ Kh8 25. Nxf7+ Rxf7 26. Qxe6 Qg8 27.
Qxd5 Bf6 28. Qh5 Rd8 29. Re3 Rg7 30. Rg3 Rd2 31. Rxg7 Qxg7 32. Qe8+ Qf8 33. Qe3
Rxb2 34. a4 Ra2 35. Qh3 Rxa4 36. Qe6 Bxc3 37. Qh3 Bf6 38. Qh5 Qe7 39. Rb1 Re4
40. Rb8+ Kg7 41. g3 Re1+ 42. Kg2 Qe4+ 43. Kh3 Ng5+ 44. Qxg5+ Bxg5 45. Rb6 Rg1
46. Rxa6 Qf5+ 0-1

[Event "AUTO-ADV-1760"]
[Site "http://www.queenalice.com/game.php?id=775457"]
[Date "2010.5.14"]
[Round "1"]
[White "Ieie"]
[Black "Lopesq"]
[Result "0-1"]
[WhiteElo "1702"]
[BlackElo "1771"]

1. d4 d5 2. c4 e6 3. Nc3 c6 4. e4 dxc4 5. Bxc4 Be7 6. Nf3 Nd7 7. O-O Ngf6 8. a3
O-O 9. b4 Nb6 10. Ba2 Qc7 11. Bb2 Rd8 12. Qc2 Nh5 13. Rac1 Nf4 14. Bb1 Nc4 15.
e5 Ng6 16. Ba1 Nxa3 17. Qb3 Nxb1 18. Qxb1 a6 19. Ne2 h6 20. Qb3 Qd7 21. Rc2 Qe8
22. Bb2 Qf8 23. Bc3 Rd5 24. Bd2 Qd8 25. Be3 Nh4 26. Nxh4 Bxh4 27. Nf4 Rd7 28.
Ne2 Be7 29. f4 Qf8 30. Bd2 Rc7 31. Ng3 Qd8 32. Be3 Qe8 33. f5 exf5 34. Nxf5 Bf8
35. Nh4 Be6 36. Qb2 Qc8 37. Nf3 Bd5 38. Ne1 Re7 39. Nd3 b6 40. Nf4 Be4 41. Rc3
Rc7 42. Bd2 Qg4 43. d5 Bxd5 44. Be3 Rb7 45. Nxd5 cxd5 46. Bxh6 Qd4+ 47. Kh1 Qxe5
48. Rfc1 Re8 49. Qf2 gxh6 50. Rg3+ Kh7 51. h4 Bd6 52. Rh3 f5 53. Qd2 Bxb4 54.
Qxb4 b5 55. Rcc3 Qe1+ 56. Kh2 Rg7 57. Rhg3 Rxg3 58. Rxg3 Qxb4 0-1

[Event "AUTO-INT-1700"]
[Site "http://www.queenalice.com/game.php?id=775974"]
[Date "2010.5.15"]
[Round "1"]
[White "ilcalabresse"]
[Black "Ieie"]
[Result "1-0"]
[WhiteElo "1726"]
[BlackElo "1672"]

1. e4 e5 2. f4 exf4 3. Nf3 d5 4. exd5 Nf6 5. Nc3 Nxd5 6. Nxd5 Qxd5 7. d4 Be7 8.
Bd3 c5 9. dxc5 Bxc5 10. Bb5+ Qc6 11. Bxc6+ Nxc6 12. Bxf4 O-O 13. Qd5 Bb6 14.
O-O-O Be6 15. Qh5 Rac8 16. Ng5 Bf5 17. Rd6 Nd4 18. Rxd4 Rxc2+ 19. Kd1 Bxd4 20.
Nf3 Bg6 21. Qd5 Bxb2 22. Nh4 Rc6 23. Nxg6 hxg6 24. Re1 Bf6 25. Qd7 Kh7 26. Re8
1-0

[Event "AUTO-INT-1700"]
[Site "http://www.queenalice.com/game.php?id=775975"]
[Date "2010.5.15"]
[Round "1"]
[White "Ieie"]
[Black "ilcalabresse"]
[Result "0-1"]
[WhiteElo "1687"]
[BlackElo "1711"]

1. e4 e5 2. Nf3 Nc6 3. Bc4 Nf6 4. O-O Bc5 5. Nc3 d6 6. a3 Bg4 7. Be2 Be6 8. b4
Bb6 9. d3 Qd7 10. Be3 O-O 11. Ng5 h6 12. Nxe6 fxe6 13. Na4 Bxe3 14. fxe3 Ne7 15.
c4 d5 16. exd5 exd5 17. Nc5 Qc6 18. cxd5 Nexd5 19. Qb3 Kh8 20. Bf3 b6 21. Na4
Qd7 22. d4 exd4 23. exd4 Rad8 24. Rac1 Rfe8 25. Rc4 b5 0-1

[Event "AUTO-INT-1700"]
[Site "http://www.queenalice.com/game.php?id=775992"]
[Date "2010.5.15"]
[Round "1"]
[White "Veselin_Topalov"]
[Black "Ieie"]
[Result "0-1"]
[WhiteElo "1396"]
[BlackElo "1664"]

1. e4 e5 2. Nf3 Nc6 3. Bb5 a6 4. Ba4 b5 5. Bb3 Nf6 6. O-O d6 7. h3 Nxe4 8. Bd5
Bb7 9. Bxe4 Be7 10. d4 d5 11. Bxd5 Qxd5 12. Nc3 Qd6 13. dxe5 Nxe5 14. Nxe5 Qxe5
15. Re1 Qf6 16. Qe2 Rd8 17. Ne4 Qg6 18. Ng5 Rd7 19. Bf4 O-O 20. Rad1 Rxd1 21.
Rxd1 Bxg5 22. Bxc7 Bf4 23. f3 Bxc7 24. Rd7 Bb6+ 25. Kh2 Bc8 26. Re7 h5 27. g4
hxg4 28. fxg4 Be6 29. Rb7 Bd5 30. Rd7 Qc6 31. Re7 Bc7+ 32. Kg1 Qc5+ 0-1

[Event "AUTO-INT-1700"]
[Site "http://www.queenalice.com/game.php?id=775993"]
[Date "2010.5.15"]
[Round "1"]
[White "Ieie"]
[Black "Veselin_Topalov"]
[Result "1-0"]
[WhiteElo "1658"]
[BlackElo "1402"]

1. d4 Nf6 2. c4 c5 3. d5 e6 4. Nc3 exd5 5. cxd5 d6 6. Nf3 g6 7. e4 Bg7 8. Be2
O-O 9. O-O a6 10. Bg5 b5 11. a3 Nbd7 12. Rc1 Qb6 13. b4 c4 14. Be3 Qd8 15. a4
Rb8 16. Nd4 bxa4 17. Bxc4 Rxb4 18. Nc6 Qc7 19. Nxa4 Rb7 20. Bxa6 Nc5 21. Nxc5
dxc5 22. Bxb7 Bxb7 23. Bxc5 Re8 24. e5 Nd7 25. Ne7+ Rxe7 26. Bxe7 Qxe5 27. d6
Qe4 28. f3 Bd4+ 29. Kh1 Qe5 30. Qa4 Nf6 31. Rc7 Qe2 32. Qa8+ Bxa8 33. Rc8+ 1-0

[Event "AUTO-INT-1652"]
[Site "http://www.queenalice.com/game.php?id=812153"]
[Date "2010.8.2"]
[Round "2"]
[White "Ieie"]
[Black "Garry_Kasparov"]
[Result "0-1"]
[WhiteElo "1695"]
[BlackElo "2115"]

1. d4 d5 2. c4 e6 3. Nc3 Nf6 4. a3 Be7 5. h3 O-O 6. Nf3 Nc6 7. Bf4 Ne4 8. e3 g5
9. Bh2 Nxc3 10. bxc3 Bd6 11. Bxd6 cxd6 12. cxd5 exd5 13. Nh2 Qa5 14. Qc2 Ne7 15.
Be2 Bf5 16. Qb3 Rab8 17. O-O Qc7 18. Ng4 Kg7 19. Rac1 h5 20. Nh2 g4 21. hxg4
hxg4 22. Nxg4 Bxg4 23. Bxg4 b5 24. g3 a6 25. Qd1 a5 26. Bh5 Qc8 27. Rc2 Ng8 28.
f4 Nf6 29. Bf3 Rh8 30. Rff2 Qc4 31. Be2 Qb3 32. Qa1 Qxc2 0-1

[Event "AUTO-INT-1652"]
[Site "http://www.queenalice.com/game.php?id=812154"]
[Date "2010.8.2"]
[Round "2"]
[White "Garry_Kasparov"]
[Black "Ieie"]
[Result "1-0"]
[WhiteElo "2089"]
[BlackElo "1667"]

1. e4 e5 2. Nf3 Nc6 3. Nc3 a6 4. d4 exd4 5. Nxd4 Ne5 6. Be2 Bb4 7. Bd2 Nf6 8. f4
Ng6 9. O-O O-O 10. e5 Bxc3 11. bxc3 Nd5 12. c4 Nde7 13. Bd3 d6 14. Bc3 dxe5 15.
fxe5 Nxe5 16. Bxh7+ Kh8 17. Qh5 Bg4 18. Qxe5 Kxh7 19. Rae1 Ng6 20. Qe4 c5 21.
Qxg4 cxd4 22. Rd1 Qc7 23. Rxd4 b5 24. Rd7 Qxc4 25. Qxc4 bxc4 26. Rfxf7 Rg8 27.
Bxg7 1-0

[Event "AUTO-INT-1652"]
[Site "http://www.queenalice.com/game.php?id=812155"]
[Date "2010.8.2"]
[Round "2"]
[White "Ieie"]
[Black "callende"]
[Result "1-0"]
[WhiteElo "1665"]
[BlackElo "2015"]

1. d4 d5 2. c4 dxc4 3. Nc3 c6 4. a4 e6 5. e3 Bb4 6. Bxc4 Nf6 7. Bd2 Nbd7 8. Nf3
Nb6 9. Bd3 Ba5 10. Rb1 Nbd5 11. O-O Nxc3 12. bxc3 Nd5 13. Qc2 Nf6 14. Ne5 h5 15.
f4 O-O 16. Nf3 Ng4 17. e4 f6 18. h3 f5 19. hxg4 fxg4 20. Ng5 Bb6 21. e5 c5 22.
Bc4 Re8 23. Qh7+ 1-0

[Event "AUTO-INT-1652"]
[Site "http://www.queenalice.com/game.php?id=812156"]
[Date "2010.8.2"]
[Round "2"]
[White "callende"]
[Black "Ieie"]
[Result "0-1"]
[WhiteElo "1919"]
[BlackElo "1693"]

1. d4 d5 2. c4 Nf6 3. Nc3 e6 4. Bg5 Be7 5. c5 O-O 6. Nf3 a5 7. e3 b6 8. Na4 Bd7
9. Ne5 Be8 10. a3 Bxa4 11. Qxa4 bxc5 12. dxc5 Bxc5 13. Rc1 Be7 14. Bb5 Ne4 15.
Bxe7 Qxe7 16. Rc2 f6 17. Nd7 Nxd7 18. Bxd7 Rfd8 19. Rxc7 Nc5 20. Qc6 Nxd7 21.
O-O Rab8 22. Rd1 Rxb2 23. Rc1 Qe8 24. Qc3 Rbb8 25. Qxa5 Ra8 26. Qb4 Rdb8 27. Rb7
Rxb7 28. Qd6 Rc8 29. Ra1 Ne5 30. a4 Nc4 31. Qa6 Rb6 32. Qa7 Ra8 33. Qc7 Rxa4 34.
Rc1 Rba6 35. g3 Ra7 36. Kg2 Rxc7 0-1

[Event "AUTO-ADV-1978"]
[Site "http://www.queenalice.com/game.php?id=861191"]
[Date "2010.11.20"]
[Round "1"]
[White "Ditto"]
[Black "Ieie"]
[Result "0-1"]
[WhiteElo "1677"]
[BlackElo "1695"]

1. d4 d5 2. c4 Nf6 3. Nf3 h6 4. Bf4 a6 5. e3 Bg4 6. Be2 e6 7. O-O b6 8. Nc3 Nbd7
9. h3 Bf5 10. Ne5 Nxe5 11. Bxe5 dxc4 12. Bxc4 Bd6 13. Bxf6 Qxf6 14. Be2 O-O 15.
Bf3 Rac8 16. Bb7 Rcd8 17. Bxa6 c6 18. Be2 Qg5 19. f4 Qg6 20. Bh5 Qg3 21. Qf3
Qxf3 22. Bxf3 Rc8 23. Rfe1 c5 24. d5 exd5 25. Nxd5 b5 26. Red1 Kh8 27. Nb6 Rcd8
28. Nd5 c4 29. e4 Bd7 30. e5 Bc5+ 31. Kf1 Bf5 32. a3 Rfe8 33. Bh5 Bd3+ 34. Be2
Rxd5 35. Ke1 f6 36. Bf3 Rdd8 37. Bc6 Re6 38. Bf3 fxe5 39. Bg4 Rf6 40. f5 Rd4 41.
Kd2 Bxf5+ 42. Ke2 Bd3+ 43. Kd2 Re4 44. Bf3 Be3+ 45. Kc3 Ref4 46. Kb4 Bb6 47.
Kxb5 e4 48. Bg4 c3+ 49. Kb4 cxb2 50. Ra2 b1=Q+ 51. Rxb1 Bxb1 52. Rb2 e3+ 53. Kb5
Bd3# 0-1

[Event "AUTO-ADV-1978"]
[Site "http://www.queenalice.com/game.php?id=861192"]
[Date "2010.11.20"]
[Round "1"]
[White "Ieie"]
[Black "Ditto"]
[Result "0-1"]
[WhiteElo "1713"]
[BlackElo "1669"]

1. d4 d5 2. c4 Nf6 3. Nc3 Nc6 4. Nf3 Bf5 5. e3 e6 6. Be2 Bb4 7. O-O Bd6 8. a3
O-O 9. Nh4 Be4 10. Nxe4 Nxe4 11. Nf3 Qf6 12. b4 e5 13. Bb2 dxc4 14. Bxc4 Ng5 15.
Bd5 e4 16. Nxg5 Qxg5 17. Bxe4 Rab8 18. f4 Qe7 19. Qg4 Qxe4 20. d5 Ne5 21. Bd4
Nxg4 22. Rf3 b6 23. Rg3 c5 0-1

[Event "AUTO-ADV-1978"]
[Site "http://www.queenalice.com/game.php?id=861207"]
[Date "2010.11.20"]
[Round "1"]
[White "FOS2006"]
[Black "Ieie"]
[Result "0-1"]
[WhiteElo "1543"]
[BlackElo "1694"]

1. e4 e5 2. Nf3 Nc6 3. Be2 Bc5 4. O-O Nf6 5. d3 O-O 6. h3 Nh5 7. Nc3 a6 8. Nxe5
Ng3 9. Nxc6 dxc6 10. Be3 Bxe3 11. fxe3 Nxf1 0-1

[Event "AUTO-ADV-1978"]
[Site "http://www.queenalice.com/game.php?id=861208"]
[Date "2010.11.20"]
[Round "1"]
[White "Ieie"]
[Black "FOS2006"]
[Result "1-0"]
[WhiteElo "1704"]
[BlackElo "1533"]

1. e4 e5 2. Bc4 Nf6 3. d3 h6 4. Nf3 d6 5. h3 c6 6. O-O b5 7. Bb3 a5 8. a3 Be7 9.
c4 O-O 10. Nc3 Ba6 11. cxb5 cxb5 12. Be3 1-0